000 00676nam a22002057a 4500
999 _c19061
_d19061
003 AR-CdUCM
008 190305b ||||| |||| 00| 0 spa d
040 _aMUNICIPALIDAD PROVINCIAL DEL CUSCO
_cBIBLIOTECA MUNICIPAL DEL CUSCO
082 _a869.56 /
_bB85
_29ed
100 _aBryce Echenique, Alfredo
_97372
245 _aUn mundo para Julius /
260 _aLima :
_bMosca Azul,
_c1990.
300 _a350 páginas ;
_c21 cm.
505 _aContenido: El palacio original -- El colegio -- Country club -- Los grandes -- Retornos.
650 _aCuentos peruanos
_97
650 _aSiglo XX
_98
650 _aLiteratura
_983
942 _2ddc
_cLIBROS
945 _adavv
_d2019-05-16